Atlas of Human Anatomy (Record no. 13365)

MARC details
000 -LEADER
fixed length control field 00348nam a2200145Ia 4500
008 - FIXED-LENGTH DATA ELEMENTS--GENERAL INFORMATION
fixed length control field 230312s9999||||xx |||||||||||||| ||und||
020 ## - INTERNATIONAL STANDARD BOOK NUMBER
International Standard Book Number 0-2323-39321-8
082 ## - DEWEY DECIMAL CLASSIFICATION NUMBER
Classification number 611.002
Item number NET-A
100 ## - MAIN ENTRY--PERSONAL NAME
Personal name Netter;Frank.H
245 #0 - TITLE STATEMENT
Title Atlas of Human Anatomy
260 ## - PUBLICATION, DISTRIBUTION, ETC.
Name of publisher, distributor, etc. Elsevier
Place of publication, distribution, etc. USA
Date of publication, distribution, etc. 2019
300 ## - PHYSICAL DESCRIPTION
Extent 535
650 ## - SUBJECT ADDED ENTRY--TOPICAL TERM
Topical term or geographic name entry element Medical
Form subdivision Anatomy
942 ## - ADDED ENTRY ELEMENTS (KOHA)
Koha item type BOOK
Holdings
Withdrawn status Lost status Source of classification or shelving scheme Damaged status Not for loan Home library Current library Date acquired Total Checkouts Full call number Barcode Date last seen Date last checked out Price effective from Koha item type
    Dewey Decimal Classification     Superior Information Resource Center (SIRC) Superior University- Central Library Superior Information Resource Center (SIRC) Superior University- Central Library 03/13/2023 1 611.002 NET-A 13497 09/28/2023 08/01/2023 03/13/2023 BOOK

Powered by Koha